<?xml version="1.0" encoding="UTF-8"?>
<collection xmlns="http://www.loc.gov/MARC21/slim">
  <record>
    <leader>00000nam  2200000   4500</leader>
    <controlfield tag="001">INLIS000000000016851</controlfield>
    <controlfield tag="005">20240229015207</controlfield>
    <datafield tag="035" ind1="#" ind2="#">
      <subfield code="a">0010-0224000068</subfield>
    </datafield>
    <controlfield tag="007">ta</controlfield>
    <controlfield tag="008">240229################|##########|#|##</controlfield>
    <datafield tag="084" ind1="#" ind2="#">
      <subfield code="a">R 012 LATSAR 2022</subfield>
    </datafield>
    <datafield tag="100" ind1=" " ind2="#">
      <subfield code="a">Muhammad Ryannasmara</subfield>
    </datafield>
    <datafield tag="245" ind1="1" ind2="#">
      <subfield code="a">Pembuatan Bank Data Untuk Mengorganisir dan Mengintegrasikan Dokumen Di Deputi Reformasi Birokrasi, Akuntabilitas Aparatur, dan Pengawasan /</subfield>
      <subfield code="c">Muhammad Ryannasmara</subfield>
    </datafield>
    <datafield tag="260" ind1="#" ind2="#">
      <subfield code="a">Jakarta :</subfield>
      <subfield code="b">Pusbangkader,</subfield>
      <subfield code="c">2022</subfield>
    </datafield>
    <datafield tag="300" ind1="#" ind2="#">
      <subfield code="a">90 halaman ;</subfield>
      <subfield code="c">30 cm</subfield>
    </datafield>
    <datafield tag="650" ind1="#" ind2="4">
      <subfield code="a">Bank Data</subfield>
    </datafield>
    <datafield tag="520" ind1="#" ind2="#">
      <subfield code="a">Berikut isu aktual yang terjadi di kedeputian RBKUNWAS berdaskan  DIM pengelolaan tugas Deputi RBKUNWAS : (1) Belum adanya ban data terhadap dokumen di RBKUNWAS yang terintegrasi dan terorganisir; (2) Terdapat kesenjangan kompetensi sumber daya manusia di Deputi  RBKUNWAS; (3) Bahan ajar pembinaan yang belum terstandarisasi.</subfield>
    </datafield>
    <datafield tag="856" ind1="#" ind2="#">
      <subfield code="a">Perpustakaan LAN Pusat</subfield>
    </datafield>
    <datafield tag="990" ind1="#" ind2="#">
      <subfield code="a">23.11.012</subfield>
    </datafield>
  </record>
</collection>
